| 000 -LEADER | |
|---|---|
| fixed length control field | 00522nam a22001817a 4500 |
| 005 - DATE AND TIME OF LATEST TRANSACTION | |
| control field | 20230130151734.0 |
| 008 - FIXED-LENGTH DATA ELEMENTS--GENERAL INFORMATION | |
| fixed length control field | 221217b |||||||| |||| 00| 0 eng d |
| 020 ## - INTERNATIONAL STANDARD BOOK NUMBER | |
| ISBN | 978-1259-58473-2 |
| 041 ## - LANGUAGE CODE | |
| Language code of text/sound track or separate title | eng |
| 082 ## - DEWEY DECIMAL CLASSIFICATION NUMBER | |
| Classification number | 615.7 BRU-T |
| 100 ## - MAIN ENTRY--AUTHOR NAME | |
| Personal name | BRUNTON ,LAURENCE L. ,DANDAN , RANDAHILAL AND OTHERS |
| 245 ## - TITLE STATEMENT | |
| Title | THE PHARMACOLOGICAL BASIC OF THERAPEUTICS |
| 250 ## - EDITION STATEMENT | |
| Edition statement | 13th ed. |
| 260 ## - PUBLICATION, DISTRIBUTION, ETC. (IMPRINT) | |
| Place of publication | NEW YORK |
| Name of publisher | MC GRAW HILL EDUCATION |
| Year of publication | 2018 |
| 300 ## - PHYSICAL DESCRIPTION | |
| Number of Pages | 1419;P. |
| 650 ## - SUBJECT ADDED ENTRY--TOPICAL TERM | |
| Topical Term | PHARMACY |
| General subdivision | B.PHARMA |
| 942 ## - ADDED ENTRY ELEMENTS (KOHA) | |
| Koha item type | Books |
| Lost status | Damaged status | Collection code | Home library | Current library | Shelving location | Date acquired | Source of acquisition | Full call number | Accession Number | Koha item type |
|---|---|---|---|---|---|---|---|---|---|---|
| PHARMACY | JRU Library | JRU Library | Shelf - 21- C | 20/10/2022 | LOHIA BOOK INTERNATIONAL | 615.7-BRU-T | 27006 | Books | ||
| PHARMACY | JRU Library | JRU Library | Shelf - 22- A | 23/01/2023 | LOHIA BOOK INTERNATIONAL | 615.7 BRU-T | 27435 | Books |